Dictionary of land surveyors and local cartographers of Great Britain and Ireland 1550-1850: supplement compiled from a variety of sources... (Record no. 95541)

MARC details
000 -LEADER
fixed length control field 00633cam a2200193 4500
001 - CONTROL NUMBER
control field D3355
008 - FIXED-LENGTH DATA ELEMENTS--GENERAL INFORMATION
fixed length control field 090401t1979 xxu||||| |||| 00| 0 eng d
035 ## - SYSTEM CONTROL NUMBER
System control number (Sirsi) u72921
041 ## - LANGUAGE CODE
Language code of text/sound track or separate title eng
050 ## - LIBRARY OF CONGRESS CALL NUMBER
Classification number 526.9092
100 ## - MAIN ENTRY--PERSONAL NAME
Personal name Eden, Peter (ed)
245 ## - TITLE STATEMENT
Title Dictionary of land surveyors and local cartographers of Great Britain and Ireland 1550-1850: supplement compiled from a variety of sources...
260 ## - PUBLICATION, DISTRIBUTION, ETC.
Place of publication, distribution, etc. Folkstone, Kent
Name of publisher, distributor, etc. Dawson
Date of publication, distribution, etc. 1979
300 ## - PHYSICAL DESCRIPTION
Extent c150p. 23cm
350 ## - PRICE (NR) (BK AM CF MU VM SE) [OBSOLETE]
Price 6
520 ## - SUMMARY, ETC.
Summary, etc. Dictionary continues to be developed by Sarah Bendell, Merton College, Oxford OX1 4JD.
942 ## - ADDED ENTRY ELEMENTS (KOHA)
Suppress in OPAC 0
948 ## - LOCAL PROCESSING INFORMATION (OCLC); SERIES PART DESIGNATOR (RLIN)
c (OCLC) 04/03/1997
Holdings
Withdrawn status Lost status Source of classification or shelving scheme Damaged status Not for loan Home library Current library Shelving location Date acquired Cost, normal purchase price Total Checkouts Full call number Barcode Date last seen Copy number Cost, replacement price Price effective from Koha item type
    Dewey Decimal Classification     London London Basement 14/09/1999 6.00   SHELF 115 30012350 06/08/2019 1 6.00 06/08/2019 Reference material